Vidrohatmak avam priti-vifrohatmak yuddhkaram (Record no. 137830)
[ view plain ]
| 000 -LEADER | |
|---|---|
| fixed length control field | 00387nam a2200145Ia 4500 |
| 008 - FIXED-LENGTH DATA ELEMENTS--GENERAL INFORMATION | |
| fixed length control field | 230917s9999||||xx |||||||||||||| ||und|| |
| 040 ## - CATALOGING SOURCE | |
| -- | 115642 |
| Original cataloging agency | VIVEKANANDA LIBRARY |
| 041 ## - Language | |
| -- | English |
| 082 ## - DDC NUMBER | |
| Classification number | 355.0218 S38V |
| 100 ## - MAIN ENTRY--PERSONAL NAME | |
| Personal name | Shrivastva, J.M |
| 245 #0 - TITLE STATEMENT | |
| Title | Vidrohatmak avam priti-vifrohatmak yuddhkaram |
| 260 ## - PUBLICATION, DISTRIBUTION, ETC. (IMPRINT) | |
| Place of publication, distribution, etc | Hapur |
| Name of publisher, distributor, etc | Chander prakesh and company |
| Date of publication, distribution, etc | 2005 |
| 300 ## - PHYSICAL DESCRIPTION | |
| Pages | 191p p. |
| 942 ## - ADDED ENTRY ELEMENTS (KOHA) | |
| Koha item type | Books |
| Withdrawn status | Lost status | Damaged status | Not for loan | Location (home branch) | Sublocation or collection (holding branch) | Date acquired | Koha issues (times borrowed) | Koha full call number | Accession No. | Koha date last seen | Koha item type |
|---|---|---|---|---|---|---|---|---|---|---|---|
| VIVEKANANDA LIBRARY | VIVEKANANDA LIBRARY | 10/05/2008 | 1 | 355.0218 S38V | 239952 | 19/12/2023 | Books | ||||
| VIVEKANANDA LIBRARY | VIVEKANANDA LIBRARY | 10/05/2008 | 2 | 355.0218 S38V | 239953 | 30/12/2024 | Books | ||||
| VIVEKANANDA LIBRARY | VIVEKANANDA LIBRARY | 10/05/2008 | 355.0218 S38V | 239954 | 17/09/2023 | Books | |||||
| VIVEKANANDA LIBRARY | VIVEKANANDA LIBRARY | 10/05/2008 | 1 | 355.0218 S38V | 239955 | 19/12/2023 | Books | ||||
| VIVEKANANDA LIBRARY | VIVEKANANDA LIBRARY | 10/05/2008 | 1 | 355.0218 S38V | 239956 | 11/12/2025 | Books |
